000 00453nam a2200157Ia 4500
008 241127s9999||||xx |||||||||||||| ||und||
020 _a9780471293927
_c248.75248.75
040 _beng
_cSSK Library
_erda
082 _a338.4791/INS
100 _a Edward Inskeep
245 0 _aTourism Planning: An Integrated And Sustainable Development Approach
260 _b John Wiley & Sons
_c©1991
942 _22ddc
_cBOOK
_nNo
999 _c7658
_d7658
003 OSt
005 20241127152723.0